000 00500nam a2200193Ia 4500
003 GCL
008 140319s9999 xx 000 0 eng d
040 _aGCL /
_cGCL
082 0 4 _aCC
_b932
_bS D
100 1 _aSPENCER, A.J
245 1 0 _aDEATH IN ANCIENT EGYPT /
_cSPENCER, A.J
260 _a[S.N] :
_bPENGUIN BOOKS ،
_c1991
300 _a256 P
650 0 4 _aHISTORY
650 0 4 _aEGYPT - HISTORY
650 0 4 _aEGYPT - ANTIQUITIES
650 0 4 _aCUSTOMS - EGYPT - ANTIQUITIES
942 _2ddc
_cBK
999 _c16307
_d16307